| 000 | 01370cam a22002894a 4500 | ||
|---|---|---|---|
| 999 |
_c26785 _d26785 |
||
| 001 | 13319806 | ||
| 005 | 20170206112251.0 | ||
| 008 | 030821s2004 ctua b 001 0 eng | ||
| 010 | _a 2003018791 | ||
| 020 | _a0300094973 (hard cover : alk. paper) | ||
| 040 |
_aDLC _cDLC _dDLC |
||
| 042 | _apcc | ||
| 050 | 0 | 0 |
_aN6537 _b.S6184R63 2004 |
| 100 | 1 |
_aRoberts, Jennifer L., _d1969- |
|
| 245 | 1 | 0 |
_aMirror-travels : _bRobert Smithson and history / _cJennifer L. Roberts. |
| 260 |
_aNew Haven : _bYale University Press, _c2004. |
||
| 300 |
_ax, 162 p. : _bill. (some col.) ; _c27 cm. |
||
| 504 | _aIncludes bibliographical references and index. | ||
| 600 | 1 | 0 |
_aSmithson, Robert _xCriticism and interpretation. |
| 700 | 1 | _aSmithson, Robert. | |
| 856 | 4 | 1 |
_3Table of contents _uhttp://www.loc.gov/catdir/toc/ecip048/2003018791.html |
| 942 |
_2lcc _cBOOKS _hN6537 .S6184R63 2004 |
||